| 000 | 01471ngm a22004330a 4500 | ||
|---|---|---|---|
| 001 | PT45077 | ||
| 003 | AR-LpoUNG | ||
| 005 | 20210201235948.0 | ||
| 007 | vd cvaizq | ||
| 008 | 191001s2004||||cu |||||||||||||||||spa d | ||
| 040 |
_aAR-LpoUNG _bspa _cAR-LpoUNG _eaacr |
||
| 041 | _aspa | ||
| 044 | _acu | ||
| 082 | 0 | _a972.910 64 512v7 | |
| 100 | 1 | _aChávez, Rebeca | |
| 245 | 1 | 3 |
_aLa revolución cubana : _bmomentos con Fidel |
| 250 | _a1ª ed. | ||
| 260 |
_aLa Habana : _bInstituto Cubano del Arte e Industria Cinematográficos, _c2004. |
||
| 300 | _aDVD (54 min.) : son., col | ||
| 505 | 0 | _aProductores: Juan Luis Galiardo, Camilo Vives, Alberto Segura. Montaje: Damián Font. Música: Edesio Alejandro, Ernesto Cisneros. | |
| 520 | _aMomentos con Fidel es un retrato múltiple, un acercamiento a la relación que por más de cuatro décadas el Comandante y los cubanos protagonizan. Intenso y permanente diálogo puesto a prueba en conflictos y enfrentamientos de diverso carácter en el proceso revolucionario cubano. | ||
| 650 | 4 | _aAMERICA LATINA | |
| 650 | 4 | _aANALISIS HISTORICO | |
| 650 | 4 | _aCUBA | |
| 650 | 4 | _aESTADO | |
| 650 | 4 | _aHISTORIA SOCIAL | |
| 650 | 4 | _aIDEOLOGIAS POLITICAS | |
| 650 | 4 | _aIMPERIALISMO | |
| 650 | 4 | _aPOLITICA | |
| 650 | 4 | _aREVOLUCION | |
| 650 | 4 | _aSOCIEDAD | |
| 651 | 4 | _aCuba | |
| 653 | _aCINE CUBANO | ||
| 653 | _aDOCUMENTALES | ||
| 653 | _aDVD | ||
| 653 | _aVIDEOS | ||
| 905 | _a45077 | ||
| 942 | _cDVD | ||
| 999 |
_c53866 _d53866 |
||